[Event "Czestochowa YAWAL op"]
[Site "Czestochowa"]
[Date "1994.??.??"]
[Round "2"]
[White "Flis, Jacek"]
[Black "Babicz, F."]
[Result "1-0"]
[WhiteElo "2320"]
[BlackElo "2000"]
[PlyCount "41"]
[EventDate "1994.??.??"]
[EventType "swiss"]
[EventRounds "9"]
[EventCountry "POL"]
[SourceTitle "EXT 2006"]
[Source "ChessBase"]
[SourceDate "2005.11.24"]
[SourceVersion "1"]
[SourceVersionDate "2005.11.24"]
[SourceQuality "1"]

1. e4 c5 2. Nf3 Nc6 3. d4 cxd4 4. Nxd4 g6 5. Nc3 Bg7 6. Be3 Nf6 7. Bc4 0-0 8. 0-0 Ng4 9. Qxg4 Nxd4 10. Qd1 Nc6 11. Qd2 a6 12. Bh6 b5 13. Bxg7 Kxg7 14. Be2 Qa5 15. a3 d6 16. Qe3 Be6 17. Nd5 Rab8 18. b4 Qa4 19. Nc3 Qxc2 20. Rfc1 Qb2 21. Rcb1 1-0

[Event "Czestochowa YAWAL op"]
[Site "Czestochowa"]
[Date "1994.??.??"]
[Round "9"]
[White "Krauze, Dariusz"]
[Black "Babicz, F."]
[Result "0-1"]
[WhiteElo "2285"]
[BlackElo "2000"]
[PlyCount "82"]
[EventDate "1994.??.??"]
[EventType "swiss"]
[EventRounds "9"]
[EventCountry "POL"]
[SourceTitle "EXT 2006"]
[Source "ChessBase"]
[SourceDate "2005.11.24"]
[SourceVersion "1"]
[SourceVersionDate "2005.11.24"]
[SourceQuality "1"]

1. c4 e5 2. Nc3 Nf6 3. g3 d5 4. cxd5 Nxd5 5. Bg2 Be6 6. Nf3 Nc6 7. 0-0 Be7 8. d4 Nxc3 9. bxc3 e4 10. Nd2 f5 11. e3 b5 12. f3 exf3 13. Qxf3 Bd7 14. Qd5 b4 15. c4 Rb8 16. Nb3 Bf6 17. e4 Ne7 18. Qc5 fxe4 19. Bxe4 Rb6 20. Bf4 c6 21. Bd6 Kf7 22. Qh5+ g6 23. Rxf6+ Kxf6 24. Qe5+ Kf7 25. c5 Rb7 26. d5 Nxd5 27. Bxd5+ cxd5 28. Qxd5+ Kg7 29. Be5+ Kh6 30. Qxb7 Re8 31. Bf4+ g5 32. Rd1 gxf4 33. Qxd7 Re1+ 34. Rxe1 Qxd7 35. Kf2 Qh3 36. gxf4 Qxh2+ 37. Kf3 Qxa2 38. Re6+ Kh5 39. Nd4 Qd5+ 40. Ke3 b3 41. Rd6 Qxc5 0-1